00503nam a2200085Ia 4500008004100000245002100041300027400062650002800336856005300364170517s9999 xx 000 0 und d 4aThe Secret of Oz aIn 1996, in a documentary called The Money Masters, we asked the question why is America going broke. It wasn’t clear then that we were, but it is today. Now the question is how can we get out of this mess. Foreclosures are everywhere, unemployment is skyrocketing... xBusiness and Economics. uhttp://topdocumentaryfilms.com/the-secret-of-oz/